00772nam a22001697a 4500003000900000008004100009020001800050040007100068082001500139100001800154245013300172260003500305300004600340505018200386650001700568650001700585AR-CdUCM190319b ||||| |||| 00| 0 spa d a84-315-3510-5 aMUNICIPALIDAD PROVINCIAL DEL CUSCOcBIBLIOTECA MUNICIPAL DEL CUSCO a635 /bB65 aBo, L. M. Del aEl huerto y el jardín :bPlantas de huerto y pleno campo, leguminosas, plantas aromáticas, la lucha contra los parásitos / aBarcelona :bDe vecchi,c1976. a240 páginas ;bIlustraciones,c20.5 cm. aEl huerto -- Como se logra un buen huerto -- Plantas hortícolas en pleno campo -- El huerto familiar -- El jardín -- Como conseguir un buen jardín -- Flores magnificas ... aHorticultura aJardinería